| 000 | 00365nam a2200145Ia 4500 | ||
|---|---|---|---|
| 999 |
_c8482 _d8482 |
||
| 020 | _a9788131240632 | ||
| 082 |
_a610.73072 _bGRO |
||
| 100 | _aGrove, Susan k. | ||
| 245 | 0 | _aUnderstanding Nursing Reserch | |
| 250 | _a6 th | ||
| 260 |
_bElsevier _c2015 |
||
| 300 | _axi; 530p. | ||
| 650 |
_aNursing _vNursing Research _vQuantitative Research _vIMDC |
||
| 942 |
_cBK _2ddc |
||